| 000 | 00510mam a22001451i 4500 | ||
|---|---|---|---|
| 082 |
_a515.9 _bCOP _cL-2, P-53 |
||
| 100 | 1 |
_aCopson, E. T. _939342 |
|
| 245 | 1 | 3 |
_aAn introduction to the theory of functions of a complex variable / _cby E. T. Copson. |
| 260 |
_aOxford : _bUniversity Press, _c[1950, c1935]. |
||
| 300 |
_a448 p. : _bill. ; _c23 cm. |
||
| 500 | _a"First edition 1935 reprinted photographically...(corrected)" | ||
| 526 |
_a0 _b0 _c0 _d515_900000000000000_COP |
||
| 650 | 0 |
_aMCE _9379 |
|
| 942 |
_2ddc _cBK |
||
| 999 |
_c543845 _d543845 |
||